00573nam a22001097a 4500040000800000082002700008100001700035245027200052260002600324300002600350856008700376 cRUA aAGR SEN 2009 B040 Or.1 aSENG, RADIN. aStudy of coconut potential incheang tong commune tramkok district takeo province ការសិក្សាពីសក្ដានុពលដំណាំដូង នៅឃុំជាងទង ស្រុកត្រាំកក់ ខេត្តតាកែវ aPhnom PenhbRUAc2009 axi; 56p.bill.c29cm. uhttps://drive.google.com/file/d/1PBP1Fe2BeOvqlcTJoAHhJAvxf1jcZkve/view?usp=sharing